| 000 | 01337nam a2200313 a 4500 | ||
|---|---|---|---|
| 001 | 000116132 | ||
| 003 | CHAP | ||
| 005 | 20220329144602.0 | ||
| 008 | 190918s2019 mx a |sm |||||||spa d | ||
| 010 | _a112593 | ||
| 011 | _a113565 | ||
| 040 | _cCHAP | ||
| 090 | _aTesis | ||
| 100 | 1 |
_aNevárez Domínguez, Adrián. _9130294 |
|
| 245 | 1 | 0 |
_aEfecto de la sumentación de nopal (Opuntia megacantha) enriquecido proteicamente sobre la reactivación de la función ovarica en cabras anestricas expuestas al efecto macho: _h[En línea] _bniveles sericos de glucosa y colesterol / _cpor Adrián Nevárez Domínguez. |
| 260 |
_aChapingo, Méx. : _bEl autor, _c2019. |
||
| 500 | _aPara ver el contenido del material haga clic en la liga | ||
| 502 | _aTesis (M.C. en Recursos Naturales y Medio Ambiente en Zonas Aridas (UACH-URUZA-MÉXICO)) -- UACH. Unidad Regional Universitaria de Zonas Aridas | ||
| 590 |
_aE6339RRR _b05 _c20190918 _lUCH01 _h1022 |
||
| 590 |
_aE6339RRR _b05 _c20190918 _lUCH01 _h1023 |
||
| 650 | 1 | 4 |
_aGanado cabrío _xAlimentación. _944990 |
| 650 | 1 | 4 |
_aGanado cabrío _xCiclo estral. _9130654 |
| 650 | 1 | 4 |
_aGanado cabrío _xFecundidad. _945011 |
| 650 | 1 | 4 |
_aNopal _xValor nutritivo. _981702 |
| 856 |
_aFinding aid _uhttp://10.13.5.2/tesis/sist116132.pdf _zTeclea aquí |
||
| 901 | _aBK | ||
| 942 | _cTESIS | ||
| 942 | _n0 | ||
| 999 |
_c112593 _d112593 |
||